DOOHICKEY AND THE ROBOT (Record no. 5858)
[ view plain ]
| 000 -LEADER | |
|---|---|
| fixed length control field | 00528nam a22001457a 4500 |
| 020 ## - INTERNATIONAL STANDARD BOOK NUMBER | |
| ISBN | 978-0-19-848669-5 |
| 082 ## - DEWEY DECIMAL CLASSIFICATION NUMBER | |
| Classification number | 823 |
| Item number | EMM/D |
| 100 ## - MAIN ENTRY--AUTHOR NAME | |
| Personal name | EMMETT, JONATHAN |
| 245 ## - TITLE STATEMENT | |
| Title | DOOHICKEY AND THE ROBOT |
| 260 ## - PUBLICATION, DISTRIBUTION, ETC. (IMPRINT) | |
| Place of publication | LONDON |
| Name of publisher | OXFORD UNIVERSITY PRESS |
| Year of publication | 2005 |
| 300 ## - PHYSICAL DESCRIPTION | |
| Number of Pages | 4.99 POUND |
| 520 ## - SUMMARY, ETC. | |
| Summary, etc | Ellen's reflection announces that she is a princess, and she turns out to be a very boastful and bossy one, who climbs out of the mirror and gets shy Ellen into all sorts of unexpected adventures. |
| 650 ## - SUBJECT ADDED ENTRY--TOPICAL TERM | |
| Topical Term | SHORT STORY |
| 942 ## - ADDED ENTRY ELEMENTS (KOHA) | |
| Koha item type | Books |
| Withdrawn status | Lost status | Collection code | Home library | Current library | Shelving location | Date acquired | Source of acquisition | Full call number | Accession Number | Koha item type |
|---|---|---|---|---|---|---|---|---|---|---|
| Fiction | Main Library | Main Library | SHELF 15-I-CHILDREN'S STORYBOOKS | 25/03/2014 | Purchase | 823 EMM/D | 08161 | Books |